
Library Catalogue

| 000 -LEADER | |
|---|---|
| fixed length control field | 00516nam a22001817a 4500 |
| 003 - CONTROL NUMBER IDENTIFIER | |
| control field | OSt |
| 005 - DATE AND TIME OF LATEST TRANSACTION | |
| control field | 20190924132900.0 |
| 008 - FIXED-LENGTH DATA ELEMENTS--GENERAL INFORMATION | |
| fixed length control field | 190924b2010 ||||| |||| 00| 0 eng |
| 022 ## - INTERNATIONAL STANDARD SERIAL NUMBER | |
| International Standard Serial Number | 9780869059357 |
| 040 ## - CATALOGING SOURCE | |
| Transcribing agency | gratis |
| 082 ## - DEWEY DECIMAL CLASSIFICATION NUMBER | |
| Classification number | 343.09945 EVA |
| 100 ## - MAIN ENTRY--PERSONAL NAME | |
| 9 (RLIN) | 85 |
| Personal name | Evans, Phillip and Moens, Gabriel |
| 245 ## - TITLE STATEMENT | |
| Title | Murdoch Law School ;The search for excellence |
| 260 ## - PUBLICATION, DISTRIBUTION, ETC. | |
| Name of publisher, distributor, etc. | Murdoch University |
| Date of publication, distribution, etc. | 2010 |
| 300 ## - PHYSICAL DESCRIPTION | |
| Extent | 150p |
| 600 ## - SUBJECT ADDED ENTRY--PERSONAL NAME | |
| Geographic subdivision | Mottting at murdoch law school |
| -- | internation programmes |
| 942 ## - ADDED ENTRY ELEMENTS (KOHA) | |
| Source of classification or shelving scheme | Dewey Decimal Classification |
| Koha item type | Repository |
| Withdrawn status | Lost status | Source of classification or shelving scheme | Damaged status | Not for loan | Home library | Current library | Shelving location | Date acquired | Source of acquisition | Coded location qualifier | Total Checkouts | Full call number | Barcode | Date last seen | Price effective from | Koha item type |
|---|---|---|---|---|---|---|---|---|---|---|---|---|---|---|---|---|
| Dewey Decimal Classification | . | . | 24.09.2019 | Gratis | Documentat | 343.09945 EVA | REP13436 | 24.09.2019 | 24.09.2019 | Repository |